Neutral ground (Record no. 78461)

MARC details
000 -LEADER
fixed length control field 01268cab a2200229 4500
001 - CONTROL NUMBER
control field ##L136835
008 - FIXED-LENGTH DATA ELEMENTS--GENERAL INFORMATION
fixed length control field 070227n2007 000 0 eng u
035 ## - SYSTEM CONTROL NUMBER
System control number (Sirsi) u136835
041 0# - LANGUAGE CODE
Language code of text/sound track or separate title eng
100 1# - MAIN ENTRY--PERSONAL NAME
Personal name Pemble, Stuart
245 00 - TITLE STATEMENT
Title Neutral ground
260 ## - PUBLICATION, DISTRIBUTION, ETC.
Date of publication, distribution, etc. 2007
490 #0 - SERIES STATEMENT
Series statement Building
Volume/sequential designation 272(8468) 23 February 2007, 60(1)
520 ## - SUMMARY, ETC.
Summary, etc. Considers what legal framework needs to be in place to ensure new homes achieve carbon neutrality by 2016. Notes that changes need to be made to the Building Regulations and PPS3, and outlines the UK government "Code for sustainable homes" (L135998) and consultation document "Building a greener future" (L135908). Highlights various issues that need to be addressed, such as the difference between carbon neutrality and energy efficiency, the fact that photovoltaic cells use use more energy in their creation than they save, the lack of firm guidelines in the "Code for sustainable homes", and how the extra cost of building a carbon neutral home will be met.
590 ## - LOCAL NOTE (RLIN)
Local note KA
650 24 - SUBJECT ADDED ENTRY--TOPICAL TERM
Topical term or geographic name entry element DCLG CODE FOR SUSTAINABLE HOMES
650 24 - SUBJECT ADDED ENTRY--TOPICAL TERM
Topical term or geographic name entry element PLANNING POLICY STATEMENT 3
650 24 - SUBJECT ADDED ENTRY--TOPICAL TERM
Topical term or geographic name entry element BUILDING REGULATIONS 2000
651 #4 - SUBJECT ADDED ENTRY--GEOGRAPHIC NAME
Geographic name England and Wales
Chronological subdivision 1543-
690 ## - LOCAL SUBJECT ADDED ENTRY--TOPICAL TERM (OCLC, RLIN)
Topical term or geographic name as entry element BUILT ENVIRONMENT-BUILDING STANDARDS
942 ## - ADDED ENTRY ELEMENTS (KOHA)
Suppress in OPAC 0
Holdings
Withdrawn status Lost status Source of classification or shelving scheme Damaged status Not for loan Home library Current library Shelving location Date acquired Total Checkouts Full call number Barcode Date last seen Copy number Price effective from Koha item type
    Dewey Decimal Classification     London London Journal article 27/02/2007   L136835 136835-1001 06/08/2019 1 06/08/2019 Journal article